000
00295 a2200145 4500
001
169610
020
_a
040
_c
Magnum
100
_a
Freedman, Jonathan L.
240
1
0
_a
Psicologia social
_l
por
245
1
0
_a
Psicologia social
362
0
_a
1899
697
_a
PSICOLOGIA
942
_c
BK
999
_c
169610
_d
169610